“饭包”地点数量≥30的地级行政区 Prefectures with ≥30 "Fanbao" sites - Statistics

General Stats
  • This quiz has been taken 28 times
  • The average score is 11 of 16
Answer Stats
地级行政区 数量 % Correct
长春 335
86%
哈尔滨 150
86%
沈阳 139
86%
北京 77
86%
大连 68
86%
上海 34
86%
齐齐哈尔 38
82%
大庆 74
77%
吉林 32
77%
天津 67
68%
四平 32
64%
松原 68
50%
青岛 44
45%
绥化 44
45%
白城 35
41%
廊坊 30
14%
No matching quizzes found
Score Distribution
Percent of People with Each Score
Percentile by Number Answered
Your Score History
You have not taken this quiz